|
|
|
|
| LEADER |
00955nab#a2200325#ar4500 |
| 001 |
000103413 |
| 003 |
SVKKK |
| 005 |
20101221142153.0 |
| 008 |
080509c2010 xo |||||||||||||||b|slo |
| FMT |
|
|
|
| 015 |
|
|
|a SNBRB2010/12
|
| 038 |
|
|
|a SVKKK
|
| 040 |
|
|
|a SVKKK
|b slo
|e AACR2
|
| 041 |
0 |
|
|a slo
|
| 044 |
|
|
|a xo
|c SK
|
| 080 |
|
|
|a 622`17
|2 1997
|
| 080 |
|
|
|a 549.3
|2 1997
|
| 100 |
1 |
|
|a Lalinská, B.
|4 aut
|
| 245 |
1 |
0 |
|a Využitie práškovej rtg. difrakcie na štúdium sekundárnych minerálnych fáz ako produktov oxidácie sulfidov v prostredí banského odpadu
|c B. Lalinská, T. Klimko, M. Chovan
|
| 650 |
0 |
4 |
|a banské odpady
|x sekundárne minerály
|x sulfidy
|
| 700 |
1 |
|
|a Klimko, T.
|4 aut
|
| 700 |
1 |
|
|a Chovan, Martin
|4 aut
|
| 773 |
0 |
|
|t Mineralia slovaca
|g Roč. 42, č. 2 (2010)
|x 0369-2086
|
| 773 |
0 |
|
|i Príl.:
|t Geovestník
|g Č. 2 (2010), s. 251
|
| 974 |
|
|
|a Ni
|
| 992 |
|
|
|a RBX
|
| BAS |
|
|
|
| 852 |
|
|
|a SVKKK
|b BIB
|
| EXP |
|
|
|
| 998 |
|
|
|a GEO
|